=LDR 00000nam 2200000 4500 =001 INLIS000000000017180 =005 20130612112350 =008 ***********************************Ind** =035 ##$$a0010-061300000017180 =041 ##$$a Ind =082 ##$$a 025.17 =090 ##$$a 025.17, Mar a =100 ##$$a Martono, Budi =245 ##$$a Arsip koresponden, penciptaan dan penyimpanan dalam manajemen kearsipan, Drs. Boedi Martono =260 ##$$a 1997 $b Jakarta =300 ##$$a x, 183 hlm, 21 cm =650 ##$$a Arsip dan kearsipan =850 ##$$a NBPNMAT =990 ##$$a 94228/BPAP-NTB/2014